Please Please Me - The Beatles (Tracks) - Statistics

General Stats
  • This quiz has been taken 88 times
  • The average score is 11 of 14
Answer Stats
Hint Answer % Correct
1. I Saw Her Standing There
90%
14. Twist and Shout
90%
5. Boys
86%
4. Chains
86%
8. Love Me Do
86%
7. Please Please Me
86%
3. Anna (Go to Him)
81%
2. Misery
81%
9. P.S. I Love You
81%
11. Do You Want to Know a Secret
76%
12. A Taste of Honey
67%
10. Baby It's You
67%
13. There's a Place
62%
6. Ask Me Why
48%
No matching quizzes found
Score Distribution
Percent of People with Each Score
Percentile by Number Answered
Your Score History
You have not taken this quiz